Les quantités élémentaires d'électricité, ions, électrons, corpuscules / (Record no. 19717)

MARC details
000 -LEADER
campo de control de longitud fija 00693nam a2200205 i 4500
001 - NÚMERO DE CONTROL
campo de control 19717
003 - IDENTIFICADOR DE NÚMERO DE CONTROL
campo de control ES-MaACL
005 - FECHA Y HORA DE LA ÚLTIMA TRANSACCIÓN
campo de control 20230906152143.0
007 - CAMPO FIJO DE DESCRIPCIÓN FÍSICA--INFORMACIÓN GENERAL
campo de control de longitud fija t|
008 - DATOS DE LONGITUD FIJA--INFORMACIÓN GENERAL
campo de control de longitud fija 021008s1905 fr ||||1| fre d
100 1# - ENTRADA PRINCIPAL--NOMBRE DE PERSONA
Nombre de persona Abraham, Henri,
9 (RLIN) 18119
245 14 - MENCIÓN DEL TÍTULO
Título Les quantités élémentaires d'électricité, ions, électrons, corpuscules /
Mención de responsabilidad, etc. par Henri Abraham et Paul Langevin.
260 ## - PUBLICACIÓN, DISTRIBUCIÓN, ETC.
Lugar de publicación, distribución, etc. París :
Nombre del editor, distribuidor, etc. Gauthier-Villars,
Fecha de publicación, distribución, etc. 1905.
300 ## - DESCRIPCIÓN FÍSICA
Extensión 2 v. :
Otras características físicas il. ;
Dimensiones 25 cm.
490 1# - MENCIÓN DE SERIE
Mención de serie Collection de memoires relatif a la physique
700 1# - ENTRADA AGREGADA--NOMBRE PERSONAL
Nombre de persona Langevin, Paul.
9 (RLIN) 70044
830 0# - PUNTO DE ACCESO ADICIONAL DE SERIE-TÍTULO UNIFORME
Título uniforme Collection de memoires relatif a la physique
9 (RLIN) 226708
852 ## - LOCALIZACIÓN
Ubicación ES-MaACL
Número de control de estantería C-3155-56
Holdings
Estatus retirado Estado de pérdida Estado de daño No para préstamo Biblioteca de origen Biblioteca actual Ubicación en estantería Fecha de adquisición Fuente de adquisición Total de préstamos Signatura topográfica completa Código de barras Visto por última vez Precio de reemplazo Tipo de ítem Koha
        Biblioteca del Ateneo de Madrid Biblioteca del Ateneo de Madrid Depósito 2 17/01/2008     C-3155-56 1020187 23/02/2023 23/02/2023 Libro impreso